<?xml version="1.0" encoding="UTF-8"?>
<collection xmlns="http://www.loc.gov/MARC21/slim">
<record>
  <controlfield tag="001">200413</controlfield>
  <controlfield tag="005">20230201041558.0</controlfield>
  <datafield tag="024" ind1="7" ind2=" ">
    <subfield code="2">V:(DE-HGF)</subfield>
    <subfield code="a">V:(DE-HGF)27</subfield>
  </datafield>
  <datafield tag="035" ind1=" " ind2=" ">
    <subfield code="a">V:(DE-HGF)27</subfield>
  </datafield>
  <datafield tag="150" ind1=" " ind2=" ">
    <subfield code="a">Publication Charge Contract</subfield>
  </datafield>
  <datafield tag="680" ind1=" " ind2=" ">
    <subfield code="a">
  Not all articles may hold a publication charge related key.
  </subfield>
    <subfield code="i">
  This key is added by manual during processing of publication charges.
  </subfield>
  </datafield>
  <datafield tag="909" ind1="C" ind2="O">
    <subfield code="o">oai:juser.fz-juelich.de:972081</subfield>
    <subfield code="p">authority:HGFVOC</subfield>
    <subfield code="p">authority</subfield>
  </datafield>
  <datafield tag="980" ind1=" " ind2=" ">
    <subfield code="a">HGFVOC</subfield>
  </datafield>
  <datafield tag="980" ind1=" " ind2=" ">
    <subfield code="a">AUTHORITY</subfield>
  </datafield>
  <datafield tag="909" ind1="C" ind2="O">
    <subfield code="o">oai:juser.fz-juelich.de:972081</subfield>
  </datafield>
</record>
</collection>